Loading...
الأجنحة المتكسرة /
| Main Author: | |
|---|---|
| Format: | Printed Book |
| Edition: | 1st ed. |
| LEADER | 00480nam a2200121Ia 4500 | ||
|---|---|---|---|
| 008 | 150527150527b xxu||||| |||| 00| 0 ara d | ||
| 082 | |a 813.3 G | ||
| 100 | |a خليل جبران، جبران | ||
| 245 | |c by خليل جبران، جبران |a الأجنحة المتكسرة / | ||
| 250 | |a 1st ed. | ||
| 942 | |c BK | ||
| 999 | |c 172502 |d 172502 | ||
| 952 | |0 0 |1 0 |4 0 |6 813_300000000000000_G_خلي_ا |7 0 |9 191178 |a ARA |b ARA |c ST1 |d 2015-05-27 |i 885 |l 0 |o 813.3 G خلي/ا |p ARA000885 |r 2015-05-27 |w 2015-05-27 |y BK | ||